| 000 | 00593nam a2200193 i 4500 | ||
|---|---|---|---|
| 001 | 146888 | ||
| 003 | ES-MaACL | ||
| 005 | 20260511145842.0 | ||
| 007 | t| | ||
| 008 | 070919s1970 sp ||||1| spa d | ||
| 100 |
_aTroyat, Henri, _d1911-2007 _9233580 |
||
| 245 | 1 | 0 |
_aSiembra y cosecha _b: Amelia / _cHenri Troyat ; [versión de Julio Gómez de la Serna]. |
| 250 | _a[1ª ed.]. | ||
| 260 |
_aBarcelona : _bCaralt, _c[1970] |
||
| 300 |
_a362 p. ; _c20 cm. |
||
| 700 | 1 |
_aGómez de la Serna, Julio, _d1895-1983 _957899 |
|
| 852 |
_aES-MaACL _jC-39796 _bR.73843 |
||
| 999 |
_c146888 _d146888 |
||